Compositions de Chelsea - City (2021) - Statistiques

Statistiques générales
  • Ce quiz a été pris 86 fois
  • Le résultat moyen est 18 sur 28
Statistiques - réponses
Poste Joueur % Correct
G Ederson
95%
DC Silva
90%
MC Silva
90%
MOC Havertz
86%
MC Kanté
85%
G Mendy
84%
DC Dias
82%
BU De Bruyne
81%
DD Walker
81%
DC Stones
77%
AG Sterling
74%
AD Mahrez
66%
MC Foden
63%
BU Werner
63%
MD James
60%
MOC Mount
60%
REMP Aguero
59%
DC Rudiger
58%
MC Jorginho
55%
MC Gundogan
53%
MG Chilwell
49%
DG Zinchenko
48%
DC Azpilicueta
45%
REMP Fernandinho
45%
REMP Jesus
45%
REMP Kovacic
38%
REMP Christensen
34%
REMP Pulisic
26%
Aucun quiz correspondant
Distribution des résultats
% des personnes avec chaque résultat
Percentile par nombre de réponses
Votre historique - résultats
Vous n’avez pas pris ce quiz